000
00311 a2200109 4500
001
ART_51138
005
20260410161810.0
008
260409a
245
1
0
_a
Cambalache concursal
100
1
_a
Lorente, Javier A.
773
0
_t
Doctrina Societaria y Concursal
_g
- N° 393 (ago. 2020)
_w
REV4298
999
_c
21378
_d
21378